Marvel Movie Directors - Statistics

General Stats
  • This quiz has been taken 27 times
  • The average score is 20 of 28
Answer Stats
Hint Answer % Correct
Captain America: The Winter Soldier Anthony Russo
95%
Captain America: Civil War Anthony Russo
95%
Avengers: Infinity War Anthony Russo
95%
Avengers: Endgame Anthony Russo
95%
Captain America: The Winter Soldier Joe Russo
91%
Captain America: Civil War Joe Russo
91%
Avengers: Infinity War Joe Russo
91%
Avengers: Endgame Joe Russo
91%
Iron Man Jon Favreau
91%
Iron Man 2 Jon Favreau
91%
The Avengers Joss Whedon
86%
Avengers: Age of Ultron Joss Whedon
86%
Guardians of the Galaxy James Gunn
77%
Guardians of the Galaxy Volume 2 James Gunn
77%
Thor: Ragnarok Taika Waititi
68%
Ant-Man Peyton Reed
64%
Ant-Man & The Wasp Peyton Reed
64%
Thor Kenneth Branagh
59%
Black Panther Ryan Coogler
59%
Iron Man 3 Shane Black
59%
Spider-Man: Homecoming Jon Watts
50%
Spider-Man: Far From Home Jon Watts
50%
Doctor Strange Scott Derrickson
50%
The Incredible Hulk Louis Leterrier
45%
Captain America: The First Avenger Joe Johnston
41%
Thor: The Dark World Alan Taylor
36%
Captain Marvel Anna Boden
32%
Captain Marvel Ryan Fleck
32%
No matching quizzes found
Score Distribution
Percent of People with Each Score
Percentile by Number Answered
Your Score History
You have not taken this quiz